| 000 | 00492nam a2200205 a 4500 | ||
|---|---|---|---|
| 001 | BRCA_4075 | ||
| 005 | 20190320204533.0 | ||
| 008 | 160210s1962----nyu#######---#000-0#eng-# | ||
| 041 | _aeng | ||
| 044 | _anyu | ||
| 050 | 4 |
_aPZ3 _b.Y47 1962 |
|
| 100 | 1 |
_aYerby, Frank Garbin. _910557 |
|
| 245 | 1 | 0 |
_aGriffin´s way _ba novel _cFrank Yerby. |
| 260 |
_aNueva York _bDial _c1962 |
||
| 300 |
_a345 p. _c22 cm. |
||
| 500 | _aCEF45 | ||
| 650 | 1 | 4 |
_aNovelas _910431 |
| 902 | _aGFM | ||
| 942 |
_2lcc _cB |
||
| 999 |
_c3797 _d3797 |
||